[Event "68th ch-RUS w 2018"]
[Site "Satka RUS"]
[Date "2018.08.28"]
[Round "4.2"]
[White "Protopopova, Anastasiya"]
[Black "Pogonina, Natalija"]
[Result "0-1"]
[WhiteTitle "WFM"]
[BlackTitle "WGM"]
[WhiteElo "2332"]
[BlackElo "2469"]
[WhiteFideId "24172073"]
[BlackFideId "4147855"]
[EventDate "2018.08.25"]

1. d4 Nf6 2. c4 e6 3. g3 d5 4. Nf3 Bb4+ 5. Bd2 Be7 6. Bg2 O-O 7. O-O Nbd7 8. Qc2
c6 9. Bf4 b6 10. cxd5 cxd5 11. Rc1 Bb7 12. Qb3 Ne4 13. Nbd2 Nd6 14. h4 a5 15. a4
h6 16. e3 Rc8 17. Ne5 Nxe5 18. Bxe5 Nc4 19. Nxc4 dxc4 20. Rxc4 Bxg2 21. Rxc8
Qxc8 22. Kxg2 f6 23. Bf4 g5 24. hxg5 hxg5 25. Qd1 Rf7 26. Rc1 Qb7+ 27. d5 Bc5
28. e4 exd5 29. Qh5 gxf4 30. Rh1 f3+ 31. Qxf3 dxe4 32. Qg4+ Rg7 33. Qe6+ Qf7 34.
Qh3 Qd5 35. Qh8+ Kf7 36. Rh5 Qd4 37. Rf5 e3 38. Qh5+ Ke7 39. Rf4 Qxf4 0-1

[Event "68th ch-RUS w 2018"]
[Site "Satka RUS"]
[Date "2018.08.28"]
[Round "4.3"]
[White "Kosteniuk, Alexandra"]
[Black "Tomilova, Elena"]
[Result "1-0"]
[WhiteTitle "GM"]
[BlackTitle "WIM"]
[WhiteElo "2559"]
[BlackElo "2332"]
[WhiteFideId "4128125"]
[BlackFideId "4162340"]
[EventDate "2018.08.25"]

1. e4 e6 2. d4 d5 3. Nc3 Bb4 4. e5 c5 5. a3 Bxc3+ 6. bxc3 Qa5 7. Bd2 Qa4 8. Qg4
Kf8 9. Qd1 b6 10. dxc5 bxc5 11. c4 Ba6 12. cxd5 Bxf1 13. Kxf1 exd5 14. Nf3 Nd7
15. g3 Ne7 16. Kg2 h6 17. Re1 Qc6 18. Qe2 Nb6 19. a4 Nc4 20. Bc3 Re8 21. Rab1
Ng6 22. Qd3 Qe6 23. Rb5 Rc8 24. Rxc5 Rxc5 25. Bb4 Qb6 26. Qxd5 Kg8 27. Bxc5 Qe6
28. Qxe6 fxe6 29. Bxa7 Kf7 30. Rb1 Ngxe5 31. Rb7+ Kg6 32. Bd4 Nxf3 33. Rxg7+ Kh5
34. Kxf3 e5 35. Bc5 Rc8 36. Be7 e4+ 37. Kf4 1-0

[Event "68th ch-RUS w 2018"]
[Site "Satka RUS"]
[Date "2018.08.28"]
[Round "4.4"]
[White "Girya, Olga"]
[Black "Kashlinskaya, Alina"]
[Result "1-0"]
[WhiteTitle "WGM"]
[BlackTitle "IM"]
[WhiteElo "2462"]
[BlackElo "2440"]
[WhiteFideId "4195752"]
[BlackFideId "4198026"]
[EventDate "2018.08.25"]

1. d4 Nf6 2. Nf3 d5 3. c4 e6 4. Nc3 Bb4 5. Qa4+ Nc6 6. e3 O-O 7. Bd2 Re8 8. a3
Bd6 9. c5 Bf8 10. Bb5 Bd7 11. Qc2 a6 12. Bxc6 Bxc6 13. Ne5 Nd7 14. Nxc6 bxc6 15.
f4 Qh4+ 16. g3 Qh5 17. O-O Nf6 18. Nd1 a5 19. a4 Ne4 20. Nf2 Qf5 21. Nxe4 Qxe4
22. Qxe4 dxe4 23. b4 f6 24. bxa5 e5 25. fxe5 fxe5 26. Kf2 g6 27. Ke2 Bg7 28. Bc3
exd4 29. exd4 Rad8 30. Rad1 Rd7 31. a6 Ra8 32. Rb1 h5 33. a5 Rxa6 34. Rb8+ Kh7
35. Re8 Ra7 36. Rb1 g5 37. Ke3 Kg6 38. Re6+ Kf7 39. Rxc6 Re7 40. a6 Re6 41. Rf1+
Ke7 42. Rxe6+ Kxe6 43. d5+ Kxd5 44. Bxg7 Rxa6 45. Rf5+ 1-0

[Event "68th ch-RUS w 2018"]
[Site "Satka RUS"]
[Date "2018.08.28"]
[Round "4.5"]
[White "Bodnaruk, Anastasia"]
[Black "Gunina, Valentina"]
[Result "1/2-1/2"]
[WhiteTitle "IM"]
[BlackTitle "GM"]
[WhiteElo "2449"]
[BlackElo "2528"]
[WhiteFideId "4181751"]
[BlackFideId "4167570"]
[EventDate "2018.08.25"]

1. e4 c6 2. d4 d5 3. e5 Bf5 4. Nf3 e6 5. Be2 Ne7 6. O-O h6 7. c3 Nd7 8. Nbd2 a6
9. b4 Bh7 10. Nb3 Ng6 11. g3 Be7 12. Bd3 O-O 13. Ne1 b6 14. f4 c5 15. f5 Ngxe5
16. dxe5 Nxe5 17. Bc2 a5 18. Qe2 Bf6 19. bxa5 exf5 20. axb6 Qxb6 21. Be3 d4 22.
cxd4 Ng4 23. Bf2 Rfe8 24. Qf3 cxd4 25. Nd3 Ne3 26. Rfc1 f4 27. Nbc5 fxg3 28.
hxg3 Rac8 29. Ba4 Red8 30. Rab1 Qa5 31. Be1 Qa7 32. Qb7 Rc7 33. Qxa7 Rxa7 34.
Bb3 Be7 35. Rb2 Rc8 36. Rf2 Bd6 37. Bd2 Bxg3 38. Rf3 Bd6 39. Kf2 Ng4+ 40. Ke2
Re7+ 41. Kd1 Bg6 42. Bf4 Bxc5 43. Rxc5 Rce8 44. Bc2 Re2 45. Kc1 Ne3 46. Bxe3
dxe3 47. Rf1 Bxd3 48. Bxd3 Rxa2 49. Rc2 Ra3 50. Bc4 Ra7 51. Kb2 g5 52. Re2 Kg7
53. Rf3 Rb8+ 54. Bb3 Re7 55. Rexe3 Rxe3 56. Rxe3 f5 57. Kc3 g4 58. Bd5 Kf6 59.
Kd4 Rb4+ 60. Kc5 Rb1 61. Re8 h5 62. Rh8 Kg5 63. Rg8+ Kh4 64. Bf7 g3 65. Kd4 Rf1
66. Ke3 Kh3 67. Bxh5 Kg2 68. Rf8 Rf2 69. Be2 Kh2 70. Bf3 g2 71. Rh8+ Kg1 72. Rg8
Ra2 73. Bxg2 Rxg2 74. Rxg2+ Kxg2 1/2-1/2

[Event "68th ch-RUS w 2018"]
[Site "Satka RUS"]
[Date "2018.08.28"]
[Round "4.6"]
[White "Gritsayeva, Oksana"]
[Black "Galliamova, Alisa"]
[Result "1-0"]
[WhiteTitle "WFM"]
[BlackTitle "IM"]
[WhiteElo "2391"]
[BlackElo "2424"]
[WhiteFideId "14104652"]
[BlackFideId "4129725"]
[EventDate "2018.08.25"]

1. e4 e5 2. Nf3 Nc6 3. Bc4 Nf6 4. O-O Nxe4 5. Nc3 Nxc3 6. dxc3 Be7 7. Ng5 Bxg5
8. Qh5 g6 9. Qxg5 Qxg5 10. Bxg5 O-O 11. f4 d6 12. Bd5 exf4 13. Rxf4 Be6 14. Bxc6
bxc6 15. Bf6 Bf5 16. Rf2 Rfe8 17. c4 Re6 18. Bc3 Re4 19. b3 Rae8 20. h3 h5 21.
Kf1 d5 22. cxd5 cxd5 23. Rd1 c6 24. Bd4 a6 25. c3 a5 26. Kg1 Rc8 27. b4 a4 28.
a3 Rce8 29. Rfd2 Bc8 30. Rf1 f5 31. Rfd1 Ba6 32. Bf2 Kf7 33. Rd4 Re2 34. R4d2
Bc4 35. Rxe2 Rxe2 36. Re1 Ra2 37. Bc5 Bb5 38. h4 Rxa3 39. Re7+ Kf6 40. Re8 Ra1+
41. Kh2 Ra2 42. Rf8+ Kg7 43. Rc8 f4 44. Rf8 Bf1 45. Rxf4 Bxg2 46. Bd4+ Kg8 47.
Rf6 Bf1+ 48. Kg3 Bb5 49. Rxg6+ Kf7 50. Rg7+ Ke6 51. Kf4 a3 52. Rg6+ Kf7 53. Rg7+
Ke6 54. Rg6+ Kf7 55. Rg7+ Ke8 56. Rg8+ Ke7 57. Rg7+ Kf8 58. Ra7 Ke8 59. Kf5 Bc4
60. b5 cxb5 61. Bc5 b4 62. cxb4 Ra1 63. Bd4 a2 64. Bxa1 1-0

[Event "68th ch-RUS w 2018"]
[Site "Satka RUS"]
[Date "2018.08.29"]
[Round "5.1"]
[White "Galliamova, Alisa"]
[Black "Shuvalova, Polina"]
[Result "1-0"]
[WhiteTitle "IM"]
[BlackTitle "WIM"]
[WhiteElo "2424"]
[BlackElo "2413"]
[WhiteFideId "4129725"]
[BlackFideId "24171760"]
[EventDate "2018.08.25"]

1. d4 Nf6 2. Nf3 e6 3. c4 d5 4. Nc3 c5 5. cxd5 Nxd5 6. e4 Nxc3 7. bxc3 cxd4 8.
cxd4 Bb4+ 9. Bd2 Bxd2+ 10. Qxd2 O-O 11. Bc4 Nd7 12. O-O b6 13. Rad1 Bb7 14. Rfe1
Rc8 15. Bb3 Re8 16. h3 h6 17. Qf4 Qc7 18. Qh4 Nf6 19. Ne5 b5 20. Rd3 Nd7 21. Ng4
Qf4 22. Rg3 Kf8 23. Rf3 Qg5 24. Qg3 Rc1 25. Qd6+ Re7 26. Re3 Qxe3 27. Nxe3 Rxe1+
28. Kh2 Bxe4 29. d5 Re2 30. dxe6 fxe6 31. Qf4+ Nf6 32. Ng4 e5 33. Nxe5 Bb1 34.
Ng4 Bxa2 35. Bxa2 Rxa2 36. Nxf6 gxf6 37. Qxf6+ Rf7 38. Qxh6+ Kg8 39. Qg5+ Kf8
40. Qc5+ Kg7 41. Qg5+ Kf8 42. Qd8+ Kg7 43. Qd4+ Kg8 44. Qd8+ Kg7 45. f3 a6 46.
Qg5+ Kf8 47. Qh6+ Kg8 48. Qg6+ Kf8 49. Qd6+ Kg7 50. Qg3+ Kh7 51. Qh4+ Kg7 52.
Qg4+ Kf8 53. Qb4+ Kg8 54. Qg4+ Kf8 55. h4 Ra4 56. Qg5 Raf4 57. Qh6+ Kg8 58. Qg6+
Kf8 59. Qh6+ Kg8 60. Qxa6 Rxh4+ 61. Kg1 b4 62. Qg6+ Rg7 63. Qe6+ Kh8 64. Qf6 Rh5
65. Qf8+ Kh7 66. Qxb4 Rhg5 67. Qe4+ Kg8 68. g4 R5g6 69. Kg2 Kf7 70. Kg3 Kf8 71.
Qf5+ Ke7 72. Qc8 Rg8 73. Qc5+ Ke6 74. Qc7 R8g7 75. Qc8+ Ke7 76. Qh8 Rg8 77. Qe5+
Kf7 78. Qd5+ Ke7 79. Qb7+ Ke6 80. Qc7 R8g7 81. Qc4+ Ke7 82. Kf2 Ke8 83. Qc8+ Ke7
84. Qc7+ Ke8 85. Qe5+ Kf7 86. Qh5 Ke7 87. Kg3 Rg8 88. Kh4 R6g7 89. Qe5+ Kf7 90.
g5 Kf8 91. Qf6+ Ke8 92. Kg4 Rg6 93. Qe5+ Kf8 94. Kh5 R6g7 95. Qf6+ Ke8 96. Qc6+
Kf7 97. Qf6+ Ke8 98. g6 Re7 99. f4 Rf8 100. Qc6+ Rd7 101. g7 1-0

[Event "68th ch-RUS w 2018"]
[Site "Satka RUS"]
[Date "2018.08.29"]
[Round "5.2"]
[White "Gunina, Valentina"]
[Black "Gritsayeva, Oksana"]
[Result "1/2-1/2"]
[WhiteTitle "GM"]
[BlackTitle "WFM"]
[WhiteElo "2528"]
[BlackElo "2391"]
[WhiteFideId "4167570"]
[BlackFideId "14104652"]
[EventDate "2018.08.25"]

1. e4 c5 2. Nf3 Nc6 3. Bb5 g6 4. O-O Bg7 5. Bxc6 dxc6 6. h3 e5 7. d3 b6 8. Bg5
Qc7 9. Qd2 h6 10. Be3 Ne7 11. Nc3 f5 12. exf5 gxf5 13. Ne2 Be6 14. b4 Nd5 15.
bxc5 f4 16. Bxf4 Nxf4 17. Nxf4 exf4 18. Rae1 Kd7 19. d4 Rae8 20. Qd3 Kc8 21.
cxb6 axb6 22. c4 Kb7 23. a4 Qf7 24. d5 cxd5 25. c5 Rc8 26. cxb6 d4 27. Ne5 Bxe5
28. Rxe5 Rhe8 29. Ra5 Bc4 30. Qxd4 Ba6 31. Rb1 Rcd8 32. Qc5 Rc8 33. Qd6 Qe6 34.
Qxf4 Qe4 35. Qxe4+ Rxe4 36. Rf5 Rxa4 37. Rf6 h5 38. Kh2 Kb8 39. Re1 Bb7 40. Rg6
h4 41. Rg4 Ra2 42. Kg1 Rf8 43. f3 Bc8 44. Rg7 Rb2 45. Re4 Rh8 46. b7 Rxb7 47.
Rxb7+ Kxb7 48. Rc4 Be6 49. Rc5 Kb6 50. Re5 Rh6 51. Kf2 Kc6 52. Ra5 Kd6 53. Ra4 1/2-1/2

[Event "68th ch-RUS w 2018"]
[Site "Satka RUS"]
[Date "2018.08.29"]
[Round "5.3"]
[White "Kashlinskaya, Alina"]
[Black "Bodnaruk, Anastasia"]
[Result "1-0"]
[WhiteTitle "IM"]
[BlackTitle "IM"]
[WhiteElo "2440"]
[BlackElo "2449"]
[WhiteFideId "4198026"]
[BlackFideId "4181751"]
[EventDate "2018.08.25"]

1. d4 Nf6 2. c4 g6 3. Nc3 d5 4. cxd5 Nxd5 5. e4 Nxc3 6. bxc3 Bg7 7. Nf3 c5 8.
Be2 Nc6 9. Be3 cxd4 10. cxd4 Qa5+ 11. Bd2 Qa3 12. d5 Nb4 13. Rb1 Nd3+ 14. Kf1
Ne5 15. Nxe5 Bxe5 16. Bb5+ Kf8 17. Bh6+ Kg8 18. f4 Bg7 19. Bxg7 Kxg7 20. Qd4+ f6
21. Kf2 Rd8 22. Be2 Qd6 23. Qe3 e5 24. dxe6 Qxe6 25. h4 h5 26. g4 Qxa2 27. f5
hxg4 28. fxg6 Kxg6 29. h5+ Kh7 30. e5 Qf7 31. Qf4 f5 32. Bxg4 Be6 33. Bf3 Bd5
34. Bxd5 Rxd5 35. Rhg1 Rc5 36. e6 Qxe6 37. Rxb7+ Kh8 38. Rb8+ Kh7 39. Rb7+ Kh8
40. Rb8+ Kh7 41. Re1 Rc2+ 42. Kf1 Rc4 43. Qg3 Qxe1+ 44. Kxe1 Rxb8 45. Qg6+ Kh8
46. Qh6+ Kg8 47. Qe6+ Kg7 48. Qxc4 Re8+ 49. Kf2 Re4 50. Qc8 Kf6 51. h6 Kg6 52.
Qf8 1-0

[Event "68th ch-RUS w 2018"]
[Site "Satka RUS"]
[Date "2018.08.29"]
[Round "5.4"]
[White "Tomilova, Elena"]
[Black "Girya, Olga"]
[Result "1/2-1/2"]
[WhiteTitle "WIM"]
[BlackTitle "WGM"]
[WhiteElo "2332"]
[BlackElo "2462"]
[WhiteFideId "4162340"]
[BlackFideId "4195752"]
[EventDate "2018.08.25"]

1. e4 c6 2. d4 d5 3. exd5 cxd5 4. Bd3 Nc6 5. c3 Qc7 6. h3 Nf6 7. Nf3 g6 8. O-O
Bf5 9. Ne1 e6 10. Bg5 Nd7 11. Bxf5 gxf5 12. Qh5 Be7 13. Bxe7 Nxe7 14. Na3 Nf6
15. Qd1 O-O 16. Nd3 Ng6 17. Nc2 Kh8 18. Kh1 Rg8 19. Rg1 Ne4 20. Nce1 Rg7 21. Rc1
Rag8 22. Rc2 b5 23. a3 a6 24. Qh5 Ne7 25. Qh4 Nc8 26. Qf4 Qe7 27. Ne5 f6 28.
N5d3 Ncd6 29. g4 fxg4 30. hxg4 Ng5 31. Rg2 Nc4 32. Re2 Re8 33. b3 Nd6 34. f3 a5
35. Qg3 Nb7 36. b4 Qc7 37. Qxc7 Rxc7 38. Nc5 axb4 39. axb4 Nxc5 40. bxc5 Ra7 41.
Nd3 Ra3 42. Rgf2 Rxc3 43. Nf4 Rc4 44. Nxd5 Rxd4 45. Nc7 Rc8 46. Nxe6 Rd5 47. f4
Nxe6 48. Rxe6 Rdxc5 49. Rxf6 Rc2 50. Rxc2 Rxc2 51. Rb6 Rc4 52. Rxb5 Rxf4 53. g5
Kg7 54. Kg2 1/2-1/2

[Event "68th ch-RUS w 2018"]
[Site "Satka RUS"]
[Date "2018.08.29"]
[Round "5.6"]
[White "Goryachkina, Aleksandra"]
[Black "Protopopova, Anastasiya"]
[Result "1-0"]
[WhiteTitle "WGM"]
[BlackTitle "WFM"]
[WhiteElo "2535"]
[BlackElo "2332"]
[WhiteFideId "4147103"]
[BlackFideId "24172073"]
[EventDate "2018.08.25"]

1. e4 e5 2. Nf3 Nc6 3. Bb5 a6 4. Ba4 Nf6 5. O-O Be7 6. Re1 b5 7. Bb3 O-O 8. c3
d6 9. h3 Nb8 10. d4 Nbd7 11. Nbd2 Bb7 12. Bc2 Re8 13. Nf1 Bf8 14. Ng3 g6 15. a4
Bg7 16. Bd3 c6 17. Bd2 d5 18. dxe5 Nxe4 19. Bxe4 dxe4 20. Bg5 Qc7 21. Nxe4 Nxe5
22. Nxe5 Bxe5 23. f4 Bg7 24. Qd6 Qb6+ 25. Kh1 Re6 26. a5 Qa7 27. Nf6+ Bxf6 28.
Rxe6 Bxg5 29. fxg5 Rf8 30. Re7 Qa8 31. Qc7 Bc8 32. Rae1 Bf5 33. Qb7 Qd8 34. Qxc6 1-0

[Event "68th ch-RUS w 2018"]
[Site "Satka RUS"]
[Date "2018.08.30"]
[Round "6.1"]
[White "Shuvalova, Polina"]
[Black "Protopopova, Anastasiya"]
[Result "1-0"]
[WhiteTitle "WIM"]
[BlackTitle "WFM"]
[WhiteElo "2413"]
[BlackElo "2332"]
[WhiteFideId "24171760"]
[BlackFideId "24172073"]
[EventDate "2018.08.25"]

1. e4 e5 2. Nf3 Nc6 3. Bb5 a6 4. Ba4 Nf6 5. O-O Be7 6. Re1 b5 7. Bb3 O-O 8. c3
d6 9. h3 Nb8 10. d4 Nbd7 11. c4 c6 12. a3 Bb7 13. Nc3 Qc7 14. Be3 bxc4 15. Bxc4
d5 16. dxe5 Nxe4 17. Nxe4 dxe4 18. e6 Ne5 19. Nxe5 Qxe5 20. Qd7 Bd6 21. Red1 Bc7
22. g3 Rad8 23. Qe7 fxe6 24. Bf4 Rde8 25. Qxc7 1-0

[Event "68th ch-RUS w 2018"]
[Site "Satka RUS"]
[Date "2018.08.30"]
[Round "6.2"]
[White "Kosteniuk, Alexandra"]
[Black "Goryachkina, Aleksandra"]
[Result "1-0"]
[WhiteTitle "GM"]
[BlackTitle "WGM"]
[WhiteElo "2559"]
[BlackElo "2535"]
[WhiteFideId "4128125"]
[BlackFideId "4147103"]
[EventDate "2018.08.25"]

1. e4 e6 2. d4 d5 3. Nc3 Nf6 4. e5 Nfd7 5. f4 c5 6. Nf3 Nc6 7. Be3 a6 8. Qd2 b5
9. Qf2 Qb6 10. Bd3 cxd4 11. Nxd4 Bc5 12. Nce2 b4 13. O-O a5 14. c4 dxc4 15. Bxc4
Nxd4 16. Nxd4 O-O 17. Rfe1 Ba6 18. Bb3 Rfd8 19. Rac1 Rac8 20. f5 Kh8 21. fxe6
Nxe5 22. Rxc5 Qxc5 23. Nf5 Qb5 24. e7 Nd3 25. Nh6 Nxf2 26. Nxf7+ 1-0

[Event "68th ch-RUS w 2018"]
[Site "Satka RUS"]
[Date "2018.08.30"]
[Round "6.3"]
[White "Girya, Olga"]
[Black "Pogonina, Natalija"]
[Result "1-0"]
[WhiteTitle "WGM"]
[BlackTitle "WGM"]
[WhiteElo "2462"]
[BlackElo "2469"]
[WhiteFideId "4195752"]
[BlackFideId "4147855"]
[EventDate "2018.08.25"]

1. d4 Nf6 2. c4 e6 3. Nf3 d5 4. Nc3 Nbd7 5. Bg5 h6 6. Bh4 Be7 7. e3 O-O 8. Qc2
c5 9. Rd1 Qa5 10. cxd5 Nxd5 11. Bxe7 Nxe7 12. dxc5 Qxc5 13. Rd2 Nc6 14. a3 Qe7
15. Bb5 Nf6 16. Bxc6 bxc6 17. O-O e5 18. Ne4 Nxe4 19. Qxe4 Re8 20. Qxc6 Rb8 21.
Qa4 Be6 22. b4 Bg4 23. Qc6 a5 24. bxa5 Qxa3 25. Qd5 Bxf3 26. gxf3 Qb4 27. a6 Rb5
28. Qd7 Ra8 29. Qc6 Ra7 30. Rd8+ Kh7 31. Qc8 Rb6 32. Rh8+ Kg6 33. Kh1 Rbxa6 34.
e4 Re6 35. Qg8 Kf6 36. Rg1 g6 37. Rh7 Ree7 38. Rxh6 Reb7 39. Rgxg6+ Ke7 40. Re6+
fxe6 41. Rxe6+ Kd7 42. Qe8+ 1-0

[Event "68th ch-RUS w 2018"]
[Site "Satka RUS"]
[Date "2018.08.30"]
[Round "6.4"]
[White "Bodnaruk, Anastasia"]
[Black "Tomilova, Elena"]
[Result "0-1"]
[WhiteTitle "IM"]
[BlackTitle "WIM"]
[WhiteElo "2449"]
[BlackElo "2332"]
[WhiteFideId "4181751"]
[BlackFideId "4162340"]
[EventDate "2018.08.25"]

1. e4 e6 2. d4 d5 3. e5 c5 4. c3 Nc6 5. Nf3 Qb6 6. a3 c4 7. Nbd2 Na5 8. Be2 Bd7
9. O-O O-O-O 10. Rb1 Kb8 11. b3 cxb3 12. c4 Ba4 13. Bb2 Qc7 14. Rc1 Qd7 15. cxd5
exd5 16. Nb1 Ne7 17. Nc3 Ng6 18. Nxa4 Qxa4 19. Ng5 Qd7 20. Qd2 Nc4 21. Bxc4 dxc4
22. Rxc4 Qd5 23. Rfc1 Be7 24. Nf3 h6 25. Qe3 Bg5 26. Nxg5 hxg5 27. Rc5 Qe6 28.
Qxg5 Ne7 29. h3 a6 30. Qd2 Nd5 31. Qd3 Nf4 32. Qf3 g5 33. Rc7 Qd5 34. Qxd5 Rxd5
35. R7c4 Ne2+ 36. Kf1 Nxc1 37. Rxc1 Rc8 38. Rxc8+ Kxc8 39. Ke2 Rd7 40. Kd3 Rc7
41. Bc3 b5 42. d5 a5 43. d6 Rc6 44. g3 a4 45. Bb2 Rc2 46. Bd4 b4 47. axb4 a3 48.
b5 a2 49. b6 b2 0-1

[Event "68th ch-RUS w 2018"]
[Site "Satka RUS"]
[Date "2018.08.30"]
[Round "6.5"]
[White "Gritsayeva, Oksana"]
[Black "Kashlinskaya, Alina"]
[Result "0-1"]
[WhiteTitle "WFM"]
[BlackTitle "IM"]
[WhiteElo "2391"]
[BlackElo "2440"]
[WhiteFideId "14104652"]
[BlackFideId "4198026"]
[EventDate "2018.08.25"]

1. e4 e6 2. d4 d5 3. Nc3 Bb4 4. exd5 exd5 5. Bd3 Nc6 6. a3 Bxc3+ 7. bxc3 Nge7 8.
Qh5 Be6 9. Nf3 Qd7 10. Ng5 O-O-O 11. Nxe6 Qxe6+ 12. Qe2 Qxe2+ 13. Kxe2 Rhe8 14.
Kf3 Na5 15. Rb1 Nc4 16. g4 Kb8 17. a4 a5 18. Bf4 Ng6 19. Rb5 Nxf4 20. Kxf4 c6
21. Rbb1 Nd6 22. Rhe1 Kc7 23. h4 h6 24. f3 Rxe1 25. Rxe1 Nc8 26. g5 hxg5+ 27.
Kxg5 Nb6 28. Ra1 Re8 29. h5 Nc4 30. Kf4 Rh8 31. Kg5 Rh6 32. f4 Nb2 33. Bf5 Rh8
34. Bg4 Rh6 35. Re1 f6+ 36. Kf5 Nxa4 37. Re7+ Kb6 38. Ke6 f5+ 39. Kxf5 Nxc3 40.
Rxg7 a4 41. Ke5 a3 42. Bc8 Rxh5+ 43. f5 a2 44. Rxb7+ Ka5 45. Ra7+ Kb5 46. Bd7
Rh7 47. Ke6 Rxd7 48. Rxa2 Rh7 49. Rb2+ Kc4 50. Rb6 Kxd4 51. Rxc6 Ne4 52. c3+
Nxc3 53. f6 Ne4 54. Rc1 Nc5+ 55. Kf5 Rh5+ 56. Kg6 Rh2 57. f7 Rf2 58. Re1 Nd7 59.
Kg7 Kc5 60. Re6 d4 61. Ra6 d3 62. Ra7 Kc6 63. Ra6+ Kd5 64. Ra5+ Ke6 65. Ra3
Rxf7+ 66. Kg6 Ne5+ 67. Kg5 Kd5 0-1

[Event "68th ch-RUS w 2018"]
[Site "Satka RUS"]
[Date "2018.08.30"]
[Round "6.6"]
[White "Galliamova, Alisa"]
[Black "Gunina, Valentina"]
[Result "1/2-1/2"]
[WhiteTitle "IM"]
[BlackTitle "GM"]
[WhiteElo "2424"]
[BlackElo "2528"]
[WhiteFideId "4129725"]
[BlackFideId "4167570"]
[EventDate "2018.08.25"]

1. d4 d5 2. c4 e6 3. Nf3 Nf6 4. Nc3 a6 5. cxd5 exd5 6. Bg5 Be6 7. e3 Nbd7 8. Bd3
h6 9. Bh4 Bd6 10. O-O O-O 11. Rc1 c6 12. Bb1 Re8 13. Qd3 Bg4 14. Nd2 Bh5 15. e4
Bg6 16. Qf3 Qb6 17. Bxf6 Nxf6 18. e5 Qxd4 19. exf6 Qxd2 20. Bxg6 Qf4 21. Qxf4
Bxf4 22. Bd3 Bxc1 23. Rxc1 Rad8 24. Na4 g6 25. Nc5 b6 26. Nxa6 Rd6 27. b4 Rxf6
28. h3 Kf8 29. a4 Ke7 30. a5 bxa5 31. bxa5 Kd6 32. Nc5 Rf4 33. a6 Rb4 34. g4 Rb2
35. Nb7+ Kd7 36. Nc5+ Kc7 37. Kg2 Ra2 38. h4 Ra3 39. Bf1 h5 40. g5 Ra2 41. Rc3
Re1 42. Rf3 Re7 43. Rc3 Kb6 44. Nb7 Re4 45. Rb3+ Kc7 46. Rf3 Rg4+ 47. Kh3 Ra1
48. Rxf7+ Kb6 49. Bg2 Rxa6 50. Bf3 Rc4 51. Nd6 Rc2 52. Rf6 Rxf2 53. Kg3 Rf1 54.
Rxg6 Ra2 55. Nf5 Ra3 56. Nd4 Kc5 57. Ne6+ Kc4 58. Rf6 d4 59. Kg2 Re1 60. Nxd4
Kxd4 61. Rxc6 Ra2+ 62. Kg3 Rg1+ 63. Kf4 Ra4 64. Rf6 Kd3+ 65. Kf5 Rxh4 66. Kg6
Ra4 67. Bxh5 Ra8 68. Rf5 Rg8+ 69. Kf6 Kd4 70. Bf7 R8xg5 1/2-1/2

[Event "68th ch-RUS w 2018"]
[Site "Satka RUS"]
[Date "2018.09.01"]
[Round "7.1"]
[White "Gunina, Valentina"]
[Black "Shuvalova, Polina"]
[Result "1-0"]
[WhiteTitle "GM"]
[BlackTitle "WIM"]
[WhiteElo "2528"]
[BlackElo "2413"]
[WhiteFideId "4167570"]
[BlackFideId "24171760"]
[EventDate "2018.08.25"]

1. d4 Nf6 2. c4 e6 3. Nf3 d5 4. g3 Bb4+ 5. Bd2 Be7 6. Bg2 c6 7. O-O Nbd7 8. Qc2
b6 9. cxd5 cxd5 10. a3 O-O 11. Bb4 a5 12. Bxe7 Qxe7 13. Nc3 Ba6 14. Qa4 Rfc8 15.
Nd2 Rc7 16. Rfe1 Rac8 17. Rad1 h6 18. e4 dxe4 19. Ndxe4 Nxe4 20. Bxe4 Qg5 21.
Bg2 Bc4 22. d5 exd5 23. Nxd5 Bxd5 24. Rxd5 Nc5 25. Re8+ Kh7 26. Rxc8 Rxc8 27.
Qc2+ Qg6 28. Qxg6+ fxg6 29. Rd6 Rb8 30. b4 axb4 31. axb4 Na6 32. b5 Nc7 33. Bc6
g5 34. Kg2 g4 35. Rd4 h5 36. Be4+ Kg8 37. Bg6 h4 38. Bd3 hxg3 39. hxg3 Re8 40.
Rd6 Rb8 41. Bc4+ Kh7 42. Rd4 Re8 43. Rxg4 Re5 44. Bd3+ Kg8 45. Rb4 Kf8 46. Rf4+
Ke8 47. Kf3 Ne6 48. Ra4 Kd7 49. Ra7+ Kd6 50. Rb7 Kc5 51. Kg4 Rg5+ 52. Kf3 Rd5
53. Bf1 Re5 54. Kg2 g5 55. Rb8 Nd4 56. Rc8+ Kd6 57. Bd3 Nxb5 58. Kh3 Nc7 59. Kg4
Nd5 60. Kh5 Nf6+ 61. Kg6 Ng4 62. Rf8 Ke7 63. Kg7 b5 64. Bg6 b4 65. Bh5 Nh2 66.
Bg6 g4 67. Rb8 b3 68. Bd3 Ra5 69. Rxb3 Ra2 70. Rb7+ Kd6 71. Rb6+ Ke5 72. Rf6 Nf3
73. Bf5 Nh2 74. Be6 Ra6 75. Rf5+ Kxe6 76. Rf6+ Ke5 77. Rxa6 Ke4 78. Rh6 Nf1 79.
Rf6 1-0

[Event "68th ch-RUS w 2018"]
[Site "Satka RUS"]
[Date "2018.09.01"]
[Round "7.2"]
[White "Kashlinskaya, Alina"]
[Black "Galliamova, Alisa"]
[Result "1/2-1/2"]
[WhiteTitle "IM"]
[BlackTitle "IM"]
[WhiteElo "2440"]
[BlackElo "2424"]
[WhiteFideId "4198026"]
[BlackFideId "4129725"]
[EventDate "2018.08.25"]

1. e4 e5 2. Nf3 Nc6 3. Bc4 Nf6 4. Ng5 d5 5. exd5 Na5 6. Bb5+ c6 7. dxc6 bxc6 8.
Bd3 Nd5 9. h4 Qc7 10. Nc3 h6 11. Nf3 Bd6 12. Nxd5 cxd5 13. Bb5+ Nc6 14. O-O O-O
15. d4 e4 16. Bxc6 Qxc6 17. Ne5 Qc7 18. Qh5 f5 19. Bf4 Ba6 20. Rfe1 Bb5 21. Re3
Be8 22. Qe2 Bxe5 23. Bxe5 Qe7 24. Rg3 Rf7 25. Qa6 f4 26. Rg4 h5 27. Rg5 Qd7 28.
Qe2 f3 29. Qd2 Rc8 30. gxf3 Qh3 31. fxe4 Qxh4 32. Bg3 Qxe4 33. Re1 Qf3 34. Qe3
Qxe3 35. Rxe3 Rb7 36. b3 Bf7 37. Be5 g6 38. Reg3 Kh7 39. c3 Rg8 40. Rf3 Be6 41.
Kh2 Rf7 42. Rxf7+ Bxf7 43. Rg1 g5 44. Rc1 Rc8 45. f4 g4 46. f5 Kh6 47. Bf4+ Kg7
48. Bg5 Re8 49. c4 dxc4 50. bxc4 h4 51. Bxh4 Re3 52. Kg2 Rf3 53. d5 Rxf5 54. d6
Be8 55. c5 Bc6+ 56. Kg3 Rd5 57. Kxg4 Rd4+ 58. Kg3 Rd3+ 59. Kf2 Rf3+ 60. Ke2 Rh3
61. Bf2 Kf7 62. Rb1 Ke6 63. Rb8 Ra3 64. Rc8 Bb5+ 65. Kd1 Rxa2 66. Bg3 Ra3 67.
Bf4 Rf3 68. Bd2 Rf7 69. Kc2 Kd5 70. Be3 a5 71. Rh8 a4 72. Rh5+ Kc6 73. Kb2 Rg7
74. Re5 Rh7 75. Ka3 Rg7 76. Re7 Rxe7 77. dxe7 Kd7 78. Kb4 Bc6 79. Bg5 Ke8 80.
Ka5 a3 81. Kb6 a2 82. Bf6 Bd7 83. c6 Bxc6 84. Kxc6 1/2-1/2

[Event "68th ch-RUS w 2018"]
[Site "Satka RUS"]
[Date "2018.09.01"]
[Round "7.3"]
[White "Tomilova, Elena"]
[Black "Gritsayeva, Oksana"]
[Result "1-0"]
[WhiteTitle "WIM"]
[BlackTitle "WFM"]
[WhiteElo "2332"]
[BlackElo "2391"]
[WhiteFideId "4162340"]
[BlackFideId "14104652"]
[EventDate "2018.08.25"]

1. Nf3 c5 2. c4 Nc6 3. Nc3 g6 4. e3 Bg7 5. d4 d6 6. d5 Ne5 7. Nxe5 Bxe5 8. Bd3
Bxc3+ 9. bxc3 e5 10. e4 Qa5 11. O-O Bd7 12. f4 f6 13. fxe5 dxe5 14. Rb1 O-O-O
15. Rf2 h5 16. Rb3 Qc7 17. Qf1 Qd6 18. Be3 Kc7 19. a4 b6 20. a5 Rb8 21. Ra3 Rh7
22. axb6+ axb6 23. Qa1 Ne7 24. Ra7+ Rb7 25. Ra8 Rb8 26. Ra6 Rf7 27. Bc2 Kd8 28.
Bg5 Be8 29. Qf1 Ng8 30. Be3 Ke7 31. h3 Kf8 32. Qa1 Ne7 33. Bd1 Kg7 34. Ra7 Nc8
35. Rxf7+ Bxf7 36. g4 Qe7 37. gxh5 gxh5 38. Rg2+ Kh7 39. Qb2 Nd6 40. Bxc5 Qc7
41. Bxd6 Qxd6 42. Kh2 Bg6 43. Qf2 Bxe4 44. Rg1 Bg6 45. Qg3 Rg8 46. Bc2 Qc5 47.
Bxg6+ Kh6 48. d6 Rg7 49. d7 Rg8 50. Qh4 e4 51. Qf4+ 1-0